Quizzes
Events
Quiz Creation
Community
Videos
Private Events
Remove Ads
Sign In
Join for FREE
Feedback
Dark Mode
Quiz Categories
Sports
Geography
Music
Movies
Television
Just For Fun
Miscellaneous
History
Literature
Language
Science
Gaming
Entertainment
Religion
Holiday
For Kids
Quiz Lab
Recent
Popular Today
Quiz Kudos Today
Editor Picks
Curator Picks
Quizzes by...
Day
Popularity
Type
Ratings
Length
Year
Community
Subscriptions
Recent Discussions
Orange Saloon
Badges
Playlists
Quests
Create
Leaderboards
Showdown
Live 5
Trivia Bingo
Activity
Puzzle Library
Sporcle Events
Private Events
Virtual Trivia
Globe League
Become a Host
Pub Owners
SporcleCon
Opinionation
Our Games
Videos
Blog
Mobile Apps
Partnerships
Remove Ads and Go Orange
Feedback
Sports
Athletes
MLB
NBA
NHL
NFL
Soccer
Sports Teams
WWE
NCAA
Football
Premier League
Basketball
Baseball
Hockey
Golf
Tennis
Cricket
Rugby
Auto Racing
Olympics
World Cup
Sports
Athletes
MLB
NBA
NHL
NFL
Soccer
Sports Teams
WWE
NCAA
Football
Premier League
Basketball
Baseball
Hockey
Golf
Tennis
Cricket
Rugby
Auto Racing
Olympics
World Cup
Random Quiz
Search Sporcle
×
Quiz Lab
Quiz Lab
Sports
NBA
Type in answers that appear in a list
Type in answers that appear in a list
Classic
Best Score? Go Orange.
Last series win in the NBA Playoffs Stats
Can you name the Last series win in the NBA Playoffs?
By
ZeroSignal
10m
30 Questions
98 Plays
98 Plays
98 Plays
Comments
Comments
Give Quiz Kudos
Give Quiz Kudos
-
- Ratings
hide this ad
More Info
Forced Order
Answers have to be entered in order
Answers have to be entered in order
Replay
Link that replays current quiz
Next Quiz
Link to next quiz in quiz playlist
You Got
0%
They Got
Avg Score
82%
Avg Friend Score
Upgrade to see
Score Distribution
Jump to the score distribution portion of the page
Score
0/30
Timer
10:00
0
Plays Today
Date team won series
Team
% Correct
5/
11/
2017
San Antonio Spurs
92.9%
5/
29/
2023
Miami Heat
92.9%
5/
15/
2014
Indiana Pacers
90.8%
5/
12/
2016
Oklahoma City Thunder
88.8%
6/
18/
2021
Los Angeles Clippers
85.7%
4/
30/
2023
Golden State Warriors
84.7%
4/
28/
2017
Washington Wizards
83.7%
4/
27/
2022
Milwaukee Bucks
82.7%
6/
23/
2023
Denver Nuggets
82.7%
5/
15/
2022
Dallas Mavericks
82.7%
5/
14/
2023
Boston Celtics
82.7%
6/
1/
2021
Brooklyn Nets
82.7%
4/
26/
2023
New York Knicks
82.7%
8/
23/
2020
Toronto Raptors
81.6%
4/
30/
2002
Charlotte Hornets
81.6%
Date team won series
Team
% Correct
5/
13/
2008
Detroit Pistons
81.6%
6/
20/
2021
Atlanta Hawks
81.6%
5/
12/
2023
Los Angeles Lakers
81.6%
5/
12/
2019
Portland Trail Blazers
81.6%
4/
29/
2022
Memphis Grizzlies
81.6%
4/
29/
2004
Sacramento Kings
80.6%
9/
2/
2020
Houston Rockets
80.6%
5/
27/
2018
Cleveland Cavaliers
80.6%
4/
25/
2023
Phoenix Suns
80.6%
4/
22/
2023
Philadelphia 76ers
80.6%
4/
30/
2015
Chicago Bulls
80.6%
5/
10/
2010
Orlando Magic
79.6%
6/
2/
2021
Utah Jazz
79.6%
5/
19/
2004
Minnesota Timberwolves
78.6%
4/
21/
2018
New Orleans Pelicans
75.5%
Quiz Playlist
Details
Report
Send in Message
Add To Playlist
More Info:
The dates shown in the quiz are the dates in which the most recent Best-4-of-7/Best-3-of-5 series was won by all 30 NBA teams
Classic:
Type in answers that appear in a list
Forced Order:
Answers have to be entered in order
Last Updated: Oct 22, 2023
Quiz Scoreboard
CHALLENGE
Sign Up to Join the Scoreboard
Show All
Scores
Hide
Comments
May contain spoilers
Recently Published
Presidents Visiting Landmarks
by Hejman
History
7m
An Introduction to Baseball
by treessimontrees
Sports
5m
Movies - When Are They Set?
by FPL_Elf
Movies
5m
More to Explore
Quiz From the Vault
Featured Blog Post
Where Did the Easter Bunny Come From?
hide this ad
You Might Also Like...
Tags
NBA Quiz
date
last
NBA Playoffs
Playoff
team
Win
Won
Today's Top Quizzes in Sports
Browse Sports
hide this ad
Today's Top Quizzes in NBA
Browse NBA
Top Contributed Quizzes in Sports
1
Les meilleurs buteurs des matchs entre le PSG et l’OM
2
2022 World Cup Stars
3
FIFA Club World Cup Champions
4
Les entraîneurs de l'OM et du PSG au 21e siècle
5
Name the Premier League winners with different clubs
6
5-to-1: UK Sports Teams
7
La finale Lions - Afrique du Sud 2021
8
Criteria MLB: Left Handed Sluggers
9
AFC Teams Reveal (Wrong Answers Minefield)
10
England Test cricketers to play under Nasser Hussain
Explore More
Trending Topics
Kpop
Crossword
Harry Potter
Anime
Marvel
NBA
Disney
Puzzle
NFL
Pokémon
WWE
Country
Song
Soccer
The Office
hide this ad
More By:
ZeroSignal
Quiz
Plays
Rating
Category
Featured
Created
Modern Rock Hits (2000s)
77,987
4.29
Music
Jan 14, 2010
Final Fantasy Party Members
34,177
4.28
Gaming
Sep 30, 2009
WrestleMania stars who never won gold
3,567
3.50
Sports
Dec 8, 2009
#1 Mainstream Rock Hits from 2000-2009
1,059
4.33
Music
Jan 7, 2010
Brock Lesnar's defeated opponents in his WWF/E career
488
3.67
Sports
Nov 16, 2011
Go to Creator's Profile
Score Distribution
Quiz Creator Spotlight
ZeroSignal
Follow
Send a Message
Quizzes Created
-
Created Quiz Play Count
-
More By This Creator
Popular Quizzes Today
1
Find the US States - No Outlines Minefield
2
Find the Countries of Europe - No Outlines Minefield
3
The Countries of the World
4
Find the US States
5
Popular People in 1961
6
US States
7
Risky Map Clicking: Biggest States A-Z
8
Movies - When Are They Set?
More Sports Quizzes
Premier League Legends By Gif
Curator's Pick
Trending Quizzes
Risky Map Clicking: Least Populous States A-Z
1-10 Letter G Words
1-10 Letter F Words
Risky Map Clicking: Next State Alphabetically
Risky Map Clicking: Biggest States A-Z
Recently Updated
Leaping Animals
pecheneg
Reality TV Shows (A-Z)
bhenderson79
Rickey Henderson's Hall of Fame Teammates
pecheneg
Champions League XIs: Arsenal
pecheneg
Quick Pick: Celebrities in WWE's Hall of Fame
aduchscher
A-Z Keypad Blitz II
pecheneg
Multiple Oscar Actors
pecheneg
Mystery Phrase Blitz: Oscar 'Best Actors'
pecheneg
F. Scott Fitzgerald Novels
LTH
Pick 3 Villains
ddd62291
Trending Topics
Crossword
Kpop
Harry Potter
NBA
Anime
Disney
Marvel
Pokémon
Puzzle
WWE
Country
The Office
Soccer
Song
NFL
Your Account Isn't Verified!
In order to create a playlist on Sporcle, you need to verify the email address you used during registration. Go to your
Sporcle Settings
to finish the process.
Report this User
Report this user for behavior that violates our
Community Guidelines
.
Details:
Send Report
Go to the Sporcle.com Mobile Site →
Comments